| Поле | Инд. | ПП | Название | Значение |
|---|---|---|---|---|
| Тип записи | a | |||
| Библиографический уровень | m | |||
| 001 | Контрольный номер | RU/IS/BASE/300817919 | ||
| 005 | Дата корректировки | 20250313135948.7 | ||
| 020 | a | ISBN | 978-5-7995-0457-1 | |
| 080 | a | Индекс УДК | 681.3.01(075.8) | |
| a | Индекс УДК | 519.216(075.8) | ||
| a | Индекс УДК | 519.21(075.8) | ||
| a | Индекс УДК | 531.7(075.8) | ||
| 090 | a | Полочн. индекс | 681 | |
| x | Авторский знак | П 14 | ||
| 097 | b | Оператор | *Фа* | |
| b | Оператор | *А-С* | ||
| 100 | 1_ | a | Автор | Палюх Б.В. |
| 245 | 10 | a | Заглавие | Оценка вероятностных характеристик случайных процессов при испытаниях информационных систем |
| b | Продолж. заглавия | учеб. пособие для вузов по спец. 080801 "Прикл. информатика" и другим экон. спец. | ||
| b | Продолж. заглавия | в составе учебно-методического комплекса | ||
| c | Ответственность | Тверской гос. техн. ун-т | ||
| 250 | a | Основные сведения об издании | 1-е изд. | |
| 260 | a | Место издания | Тверь | |
| b | Издательство | ТвГТУ | ||
| c | Дата издания | 2009 | ||
| 440 | _0 | a | Серия | УМК-У |
| 515 | a | Прим. об особенностях нумерации | № 3817 | |
| 516 | 8_ | a | Прим. о типе комп. файла/ данных | Текст : электронный |
| 520 | 0_ | a | Аннотация | Содержит основной материал по дисциплинам "Метрология, стандартизация и сертификация", "Метрология программного обеспечения", "Надежность и эффективность ЭИС", "Информационные технологии" для специальностей "Информационные системы и технологии" и "Прикладная информатика (в экономике)". В вышедшем ранее пособии подробно рассмотрены основы метрологии в корпоративных информационных системах, приведены основные понятия и определения. Настоящее пособие развивает методы оценки и тестирования, изложенные в, применительно к информационному обеспечению сертификационных испытаний, разработки и ведения нормативных и учебно-методических документов в соответствии с работой лаборатории сертификации программных средств на кафедре "Информационные системы" по программе развития региональной информационной структуры Тверской области. В пособии рассмотрены особенности информационных систем и измерения их характеристик. Данное пособие рассчитано на более широкий круг читателей, специалистов и преподавателей в области электрорадиоизмерений, включая аспирантов и студентов, обучающихся по соответствующим специальностям. Поэтому для облегчения знакомства с пособием и его изучения для тех, кто в этом нуждается, сначала в конспективном виде даны сведения по теории вероятностей и математической статистике и основные понятия о случайных процессах, а также их вероятностных характеристиках. Рассмотрены вопросы измерения вероятностных характеристик, а также точности оценки их значений, погрешности измерений стохастическим методом в информационных системах. |
| 535 | 1_ | a | Хранилище | Сервер |
| 583 | a | Действие | Приписка : УМК | |
| 653 | 0_ | a | Ключевые слова | Информационные системы |
| a | Ключевые слова | Информационные технологии | ||
| a | Ключевые слова | Контроль надежности | ||
| a | Ключевые слова | Метрология | ||
| a | Ключевые слова | Программное обеспечение | ||
| a | Ключевые слова | Тестирование систем | ||
| 655 | a | Жанр/ форма (устаревшее) | У | |
| 700 | 12 | a | Другие авторы | Федченко С.Л. |
| 700 | 1_ | a | Другие авторы | Котов С.Л. |
| 773 | 18 | w | Контрольный № источника | RU/IS/BASE/539359136 |
| w | Контрольный № источника | 9bf5794c8f6e47ebb90d61af250e49cf | ||
| 900 | a | Имя макрообъекта | 001-000078345-000000000-0000-0000-00 | |
| 901 | t | Тип документа | m | |
| 905 | a | Дата создания записи | 13.07.09 | |
| a | Дата создания записи | 05.04.16 | ||
| c | Дата приписки | 13.03.25 | ||
| 951 | i | EL-ТГТУ? | Да | |
| 952 | b | Гриф литературы для ВШ | Гриф УМО | |
| a | Тип литературы для КСУ ВШ | У2 | ||
| 990 | h | N записи в КСУ для Б/У (DOS) | 50/2009 | |
| j | Количество экземпляров (DOS) | 1 | ||
| f | Даты поступлений (DOS) | 06.07.09 | ||
| g | Размещение заказа (DOS) | РИО |